All Vancouver SkyTrain Stations - Statistics

General Stats
  • This quiz has been taken 1,147 times
  • The average score is 35 of 53
Answer Stats
Answer % Correct
Waterfront
96%
Commercial-Broadway
88%
YVR-Airport
88%
Stadium-Chinatown
86%
Granville
83%
Burrard
82%
Richmond-Brighouse
82%
Metrotown
81%
Surrey Central
81%
Main Street-Science World
80%
Broadway-City Hall
78%
Vancouver City Centre
76%
VCC-Clark
75%
Coquitlam Central
74%
New Westminster
74%
King George
73%
Nanaimo
73%
Production Way/University
73%
Yaletown-Roundhouse
73%
Langara-49th Avenue
69%
Olympic Village
69%
Joyce-Collingwood
68%
Lougheed Town Centre
67%
Oakridge-41st Avenue
67%
Marine Drive
66%
29th Avenue
64%
Brentwood Town Centre
64%
Columbia
64%
King Edward
64%
Lafarge Lake-Douglas
64%
22nd Street
63%
Aberdeen
63%
Sea Island Centre
63%
Bridgeport
62%
Braid
61%
Burquitlam
61%
Edmonds
61%
Patterson
61%
Renfrew
59%
Rupert
59%
Royal Oak
58%
Templeton
58%
Sapperton
57%
Scott Road
55%
Lansdowne
54%
Gilmore
53%
Moody Centre
51%
Gateway
49%
Holdom
48%
Sperling/Burnaby Lake
48%
Lake City Way
47%
Inlet Centre
46%
Lincoln
46%
No matching quizzes found
Score Distribution
Percent of People with Each Score
Percentile by Number Answered
Your Score History
You have not taken this quiz